000 00396cam a22001694a 4500
005 20250605163543.0
008 250528s ||||||||||||||||||||||||d
035 _a21636
020 _a9780751721195
040 _aGR-AtMCL
_bgre
_dGR-AtMCL
_eAACR2
245 1 _aBUSINESS BASICS INFORMATION TECHNOLOGY
260 _bBpp
300 _a328
942 _cBK
999 _c6697
_d6697